| 000 | 00851cam a2200253 a 4500 | ||
|---|---|---|---|
| 020 | _a9780821375150 | ||
| 020 | _a0821375156 | ||
| 020 | _a9780821375167 | ||
| 020 | _a0821375164 | ||
| 040 | _cDLC | ||
| 082 | _a338 WOR 2008 A065 Or. | ||
| 245 | 0 | 0 |
_aInformation and public choice : _bfrom media markets to policy making / |
| 260 |
_aWashington, D.C. : _bWorld Bank, _cc2008 |
||
| 300 |
_axv, 231 p. : _bill. ; _c23 cm |
||
| 650 | 0 | _aMass media | |
| 650 | 0 | _aMass media | |
| 650 | 0 | _aMass media and public opinion | |
| 650 | 0 | _aCommunication in politics | |
| 650 | 0 | _aCommunication in economic development | |
| 700 | 1 | _aIslam, Roumeen | |
| 856 | 4 | 1 | _uhttp://catdir.loc.gov/catdir/toc/ecip0813/2008011011.html |
| 856 | 4 | 0 | _uhttp://proxy.library.carleton.ca/login?url=http://www.worldbank.icebox.ingenta.com/content/wb/bk17515 |
| 942 | _cEK | ||
| 999 |
_c14430 _d14430 |
||